000 00604nam a2200193 a 4500
001 000022234
005 20200930011637.0
008 100920s1981 mx a r 001 0 spa d
040 _aDO-SdBNP
_bspa
_cBNPHU
082 _axxxx
_bD275f, 1981
100 1 _aDaykin, P. W.
_945975
245 1 0 _aFarmacología y terapéutica veterinaria /
_cP. W. Daykin ; traducción Ramón R. de Mata.
250 _a4a ed.
260 _aMéxico, D. F. :
_bcontinental,
_c1981.
300 _a903 p. :
_bil. ;
_c24 cm.
500 _aIncluye índice alfabético.
700 1 _aMata, Ramón R. de,
_etr.
_945976
049 _aBNGR
999 _c21732
_d21732